Traduction de Vocabulaire en Anglais - mots du Wordle en A - Statistiques

Statistiques générales
  • Ce quiz a été pris 6 fois
  • Le résultat moyen est 2 sur 19
Statistiques - réponses
Anglais Français % Correct
Attic grenier
60%
Aisle allée
40%
Apron tablier
40%
Anvil enclume
20%
Atone expier ses fautes, expier ses péchés, se racheter
20%
Acorn gland
20%
Awash inondé
20%
Ascot lavallière, foulard
20%
Abbot abbé
0%
Acrid âcre
0%
Acute aigu, fin, perçant
0%
Aloof à l’écart, distant, réservé, froid
0%
Askew de travers, de ginguois, de traviole
0%
Aloft en l’air
0%
Amble flâner, se promener
0%
Allot lotir, allotir, donner, distribuer, allouer, dédier
0%
Aphid puceron
0%
Amiss qui ne va pas, qui cloche, mal, de travers
0%
Abate se calmer, baisser, diminuer
0%
Aucun quiz correspondant
Distribution des résultats
% des personnes avec chaque résultat
Percentile par nombre de réponses
Votre historique - résultats
Vous n’avez pas pris ce quiz